KOHA-Header-6

Macroeconomics for Developing Countries (Record no. 8938)

000 -LEADER
fixed length control field 00273nam a2200109Ia 4500
100 ## - MAIN ENTRY--AUTHOR NAME
Personal name Raghbendra Jha
245 #0 - TITLE STATEMENT
Title Macroeconomics for Developing Countries
260 ## - PUBLICATION, DISTRIBUTION, ETC. (IMPRINT)
Place of publication New York
Name of publisher Addison
Year of publication 1999
300 ## - PHYSICAL DESCRIPTION
Number of Pages 433
942 ## - ADDED ENTRY ELEMENTS (KOHA)
Koha item type Books
Holdings
Withdrawn status Lost status Collection code Permanent Location Current Location Shelving location Date acquired Full call number Accession Number Koha item type
    Economics MAJU MAJU Shelf No.A48 2019-09-14 630.68 4147 Economics

Powered by Koha